000 00591nam a2200193Ia 4500
003 GCL
008 140319s9999 xx 000 0 ara d
040 _aGCL /
_cGCL
082 0 4 _a910.0962
_bم د
100 1 _aمحمد حجازى محمد
245 1 0 _aجغرافية الارياف /
_cمحمد حجازى محمد
260 _a[S.N] :
_bدار الفكر العربى ،
_c1982
300 _a264 ص
490 _a
650 0 4 _aالجغرافيا الطبيعية
650 0 4 _aالجغرافيا البشرية
650 0 4 _aالجغرافيا الريفية
942 _2ddc
_cBK
999 _c31186
_d31186